000 00756nam a2200253Ia 4500
003 OSt
005 20220918222600.0
006 a|||||r|||| 00| 0
007 ta
008 220917b |||||||| |||| 00| 0 eng d
024 _a217,335
037 _cTextual
040 _aARTS
_cARTS
_beng
041 _2eng
_aeng
082 _aY6:386, P1-;1
100 _aRogers Linda J. Ed.
_9140930
245 0 _aSemiotics and disability
_b Interrogating categories of difference
260 _aAlbany
_bState uni. of New York
_c2001
300 _aviii, 287 p
_ccm.
650 _aSOCIOLOGY
700 _a Swadener Beth Blue Ed.
_9140931
942 _hY6:386, P1-;1
_cTEXL
_2CC
999 _c275917
_d275917